Marugoto Vocabulaire n°1 - Statistiques

Statistiques générales
  • Ce quiz a été pris 9 fois
  • Le résultat moyen est 26 sur 61
Statistiques - réponses
Français Nihongo % Correct
dire iimasu
100%
le dictionnaire jisho
100%
écouter kikimasu
100%
Je ne comprends pas /Je ne sais pas wakarimasen
100%
lire yomimasu
100%
le numéro bangoo
50%
la croix (faux) batsu
50%
étudier benkyoo shimasu
50%
vérifier chekku shimasu
50%
le crayon enpitsu
50%
l'école gakkoo
50%
l'étudiant gakusee
50%
parler / raconter hanashimasu
50%
le tableau blanc howaito-boodo
50%
la chaise isu
50%
le bureau (pièce) jimushitsu
50%
le cours jugyoo
50%
écrire kakimasu
50%
dessiner / peindre kakimasu
50%
le téléphone portable keetai-denwa
50%
la gomme keshigomu
50%
l'ordinateur konpyuutaa
50%
photocopier kopii shimasu
50%
la réponse kotae
50%
la classe kurasu
50%
le manuel scolaire kyookasho
50%
Pas encore mada desu
50%
le cercle (correct) maru
50%
regarder mimasu
50%
vous tous minna
50%
la question / le problème mondai
50%
Répétez svp moo ichido itte kudasai
50%
Répétez plus lentement svp moo sukoshi yukkuri itte kudasai
50%
le cahier nooto
50%
la page peeji
50%
le stylo pen
50%
l'exemple ree
50%
le professeur sensee
50%
l'examen shiken
50%
le test tesuto
50%
l'ami tomodachi
50%
le voisin tonari no hito
50%
le bureau (objet) tsukue
50%
Que signifie ... ? tte doo yuu imi desu ka
50%
J'ai compris / C'est entendu wakarimashita
50%
se reposer / être absent /prendre un congé yasumimasu
50%
les révisions fukushuu
0%
le participant d'un cours jukoosha
0%
avoir une conversation /discuter kaiwa shimasu
0%
la salle de classe kyooshitsu
0%
Prêtez-moi ... svp o kashite kudasai
0%
être en retard okuremasu
0%
Montrez-moi ... svp o misete kudasai
0%
Enseignez-moi ... svp o oshiete kudasai
0%
J'ai oublié ... o wasuremashita
0%
s'exercer / s'entraîner renshuu shimasu
0%
expliquer / fournir des explications setsumee shimasu
0%
poser des questions shitsumon shimasu
0%
le devoir (à la maison) shukudai
0%
demander conseil / consulter /se concerter soodan shimasu
0%
la préparation (de ses leçons) yushuu
0%
Aucun quiz correspondant
Distribution des résultats
% des personnes avec chaque résultat
Percentile par nombre de réponses
Votre historique - résultats
Vous n’avez pas pris ce quiz